Normal view
MARC view
Entry Personal Name
001 - CONTROL NUMBER
- control field: 165352
003 - CONTROL NUMBER IDENTIFIER
- control field: OSt
005 - DATE AND TIME OF LATEST TRANSACTION
- control field: 20220923221314.0
008 - FIXED-LENGTH DATA ELEMENTS
- fixed length control field: 220923|| aca||aabn | a|a d
040 ## - CATALOGING SOURCE
- Original cataloging agency: OSt
- Transcribing agency: OSt
100 ## - HEADING--PERSONAL NAME
- Personal name: तिवारी, भोलानाथ; भाटिया, कैलाशनाथ
670 ## - SOURCE DATA FOUND
- Source citation: Work cat.: (OSt)348771: तिवारी, भोलानाथ; भाटिया, कैलाशनाथ, हिन्दी भाषा शिक्षण, 1980
